Computer Networks (Record no. 1080211)

MARC details
000 -LEADER
fixed length control field 00307nam a2200133Ia 4500
008 - FIXED-LENGTH DATA ELEMENTS--GENERAL INFORMATION
fixed length control field 231228s1994 xx 000 0 und d
041 ## - LANGUAGE CODE
Language code of text/sound track or separate title eng
082 ## - DEWEY DECIMAL CLASSIFICATION NUMBER
Classification number 4.16
Item number TEN
100 ## - MAIN ENTRY--PERSONAL NAME
Personal name TENENBAUM
245 ## - TITLE STATEMENT
Title Computer Networks
250 ## - EDITION STATEMENT
Edition statement 2nd
260 ## - PUBLICATION, DISTRIBUTION, ETC.
Place of publication, distribution, etc. New Delhi
Name of publisher, distributor, etc. P.H.I.(3E) E
Date of publication, distribution, etc. 1994
300 ## - PHYSICAL DESCRIPTION
Extent XV,658

No items available.